Statistics for ING Songs

Click here to take the quiz!

General Stats

  • This quiz has been taken 24 times
  • The average score is 16 of 25

Answer Stats

HintAnswer% Correct
JourneyDon't Stop {Believin'}
96%
Bruce Springsteen{Dancing} in the Dark
92%
Ray CharlesI Can't Stop {Loving} You
92%
Bon Jovi{Livin'} on a Prayer
92%
Gene Kelly{Singin'} in the Rain
92%
Bee Gees{Stayin'} Alive
92%
Bob Dylan / Guns N' Roses{Knockin'} on Heaven's Door
88%
The BeatlesI Saw Her {Standing} There
83%
Bee GeesJive {Talkin'}
79%
Roberta Flack / Fugees{Killing} Me Softly With His Song
79%
Talking Heads{Burning} Down the House
71%
Blondie{Hanging} on the Telephone
58%
Fred Astaire / Taco{Puttin'} on the Ritz
58%
Marvin GayeToo Busy {Thinking} About My Baby
58%
ABBA{Knowing} Me {Knowing} You
54%
Hank WilliamsYour {Cheatin'} Heart
54%
The Beach Boys{Surfin'} Safari
50%
Steely Dan{Reelin'} in the Years
46%
Neil Young{Rockin'} in the Free World
46%
The Four Seasons / The Spinners{Working} My Way Back to You
46%
Paul SimonSlip {Slidin'} Away
42%
The Rolling Stones{Waiting} on a Friend
42%
Fats Domino{Walking} to New Orleans
38%
Brownsville Station{Smokin'} in the Boy's Room
33%
Dusty Springfield{Wishin'} and {Hopin'}
29%

Score Distribution

Percentile by Number Answered

Percent of People with Each Score

Your Score History

You have not taken this quiz